Hóa học và công nghệ hóa lâm sản

Zapisane w:
Opis bibliograficzny
1. autor: Hà Chu Chử
Format: Książka
Język:Vietnamese
Wydane: Nông Nghiệp 1997
Hasła przedmiotowe:
Etykiety: Dodaj etykietę
Nie ma etykietki, Dołącz pierwszą etykiete!
Thư viện lưu trữ: Mạng thư viện Đại học Đà Nẵng
LEADER 01000nam a2200325 a 4500
001 000003297
003 01875
005 20171229145311.0
008 171229s1997 vie
040 |a LSK 
041 0 |a VIE 
082 0 |a 661  |b HA-T 
100 1 |a Hà Chu Chử 
245 0 0 |a Hóa học và công nghệ hóa lâm sản 
260 |b Nông Nghiệp  |c 1997 
300 |a 194 pages  |c 27 cm. 
653 |a Hóa học 
653 |a Công nghệ hóa lâm sản 
852 |a Phòng Đọc - Phòng Mượn 
901 |a 7 
927 |a Sách tham khảo 
OWN |a LSK 
AVA |a UDN50  |b LSK  |d 661 HA-T  |e available  |t Error 5001 Not defined in file expand_doc_bib_avail.  |f 7  |g 0  |h N  |i 0  |k 1 
999 |a From the UDN01 
AVA |a UDN50  |b LSK  |d 661 HA-T  |e available  |t Error 5001 Not defined in file expand_doc_bib_avail.  |f 7  |g 0  |h N  |i 0  |k 1 
TYP |a Monograph 
TYP |a Printed language 
980 |a Mạng thư viện Đại học Đà Nẵng